书目信息 |
| 题名: |
加速
|
|
| 作者: | 罗萨 著 ;董璐 译 | |
| 分册: | ||
| 出版信息: | 北京 北京大学出版社 2015 |
|
| 页数: | 14,422页 | |
| 开本: | 23cm | |
| 丛书名: | ||
| 单 册: | ||
| 中图分类: | C935 | |
| 科图分类: | ||
| 主题词: | 时间--shi jian--管理--研究 | |
| 电子资源: | ||
| ISBN: | 978-7-301-26518-5 | |
| 000 | 01203nam0 22002771 450 | |
| 001 | 1730351365 | |
| 005 | 20170525101553.0 | |
| 010 | @a978-7-301-26518-5@dCNY76.00 | |
| 100 | @a20160218d2015 em y0chiy50 ea | |
| 101 | 1 | @achi@cger |
| 102 | @aCN@b110000 | |
| 105 | @ay z 001yy | |
| 106 | @ar | |
| 200 | 1 | @a加速@Ajia su@dBeschleunigung@e现代社会中时间结构的改变@edie Veranderung der Zeitstrukturen in der Moderne@f(德)哈尔特穆特·罗萨(Hartmut Rosa)著@g董璐译@zger |
| 210 | @a北京@c北京大学出版社@d2015 | |
| 215 | @a14,422页@d23cm | |
| 300 | @a歌德学院(中国)全额翻译资助 | |
| 330 | @a本书尝试探寻诸多令人不解的现象中所隐含的逻辑关系,也启发着人们对存在于时间中的人生历程进行思考。全书共分为四部分,内容包括:社会加速系统理论范畴上的基本轮廓、影响方式和显现方式:社会加速的现象学等。 | |
| 510 | 1 | @aBeschleunigung@edie Veranderung der Zeitstrukturen in der Moderne@zger |
| 517 | 1 | @a现代社会中时间结构的改变@Axian dai she hui zhong shi jian jie gou de gai bian |
| 606 | 0 | @a时间@Ashi jian@x管理@x研究 |
| 690 | @aC935@v5 | |
| 701 | 0 | @c(德)@a罗萨@Aluo sa@c(Rosa, Hartmut)@4著 |
| 702 | 0 | @a董璐@Adong lu@c(女)@4译 |
| 801 | 0 | @aCN@bTANG WEI@c20170524 |
| 905 | @b0969963-5@dC935@e575@f3 | |
| 加速=Beschleunigung:现代社会中时间结构的改变:die Veranderung der Zeitstrukturen in der Moderne/(德)哈尔特穆特·罗萨(Hartmut Rosa)著/董璐译.-北京:北京大学出版社,2015 |
| 14,422页;23cm |
| 歌德学院(中国)全额翻译资助 |
| ISBN 978-7-301-26518-5:CNY76.00 |
| 本书尝试探寻诸多令人不解的现象中所隐含的逻辑关系,也启发着人们对存在于时间中的人生历程进行思考。全书共分为四部分,内容包括:社会加速系统理论范畴上的基本轮廓、影响方式和显现方式:社会加速的现象学等。 |
| ● |
| 相关链接 |
|
|
|
|
正题名:加速
索取号:C935/575
 
预约/预借
| 序号 | 登录号 | 条形码 | 馆藏地/架位号 | 状态 | 备注 |
| 1 | 0969963 | 209699637 | 第一样本阅览室/ [索取号:C935/575] | 在馆 | |
| 2 | 0969964 | 209699646 | 第一借阅区/ [索取号:C935/575] | 在馆 | |
| 3 | 0969965 | 209699655 | 第一借阅区/ [索取号:C935/575] | 在馆 |